000 00619cam a22002053a 4500
001 39316
003 PGUSA
005 20140828083855.0
008 120331s2012||||xxu|||||s|||||000 | eng d
040 _aPGUSA
_beng
042 _adc
100 1 _aStark, James H.
245 1 4 _aThe Loyalists of Massachusetts :
_bAnd the Other Side of the American Revolution
_h[electronic resource] /
_cJames H. Stark
260 _bProject Gutenberg,
_c2012
506 _aPublic domain in the USA.
516 _aElectronic text
830 0 _aProject Gutenberg
_v39316
856 4 0 _uhttp://www.gutenberg.org/ebooks/39316
942 _cEB
999 _c268569
_d268569